Movies/Series by Plot - Statistics

General Stats
  • This quiz has been taken 94 times
  • The average score is 3 of 12
Answer Stats
Plot Movie/Series % Correct
Man goes into a giant hole and when he comes back his daughter is older than him Interstellar
82%
Guy and his stuffed animal are afraid of lightning Ted
54%
Father gets killed by a big fat man while mother and son are running from a giant worm Dune
50%
Little boy gets chased by evil guys because his uncle gave him some jewelry Lord of the Rings
35%
Little girl escapes her psychiatric institution and hides in boys basement. Stranger things
28%
Guy builds a group of dreamers to get some money Inception
22%
Different cities rob a bank Money heist
19%
Guy wakes up from a coma to find out his wife is cheating on him with his best friend The Walking Dead
13%
Teenager finds out his father is his girlfriends little brother Dark
8%
Wife gives money husband needed to escape to her ex Breaking Bad
6%
Mother and brother hide their daughter/sister under the floor but then they go to a party The 100
6%
Guy destroys other guys present for his wife to safe his brother Prison Break
4%
No matching quizzes found
Score Distribution
Percent of People with Each Score
Percentile by Number Answered
Your Score History
You have not taken this quiz